| 000 | 00347nam a22001337a 4500 | ||
|---|---|---|---|
| 008 | 230626b xxu||||| |||| 00| 0 eng d | ||
| 020 | _a019572092X | ||
| 082 |
_a332.02 _bTOD |
||
| 100 | _cMichael P. Todaro | ||
| 245 |
_aDevelopment Planning _bModels and Methods |
||
| 260 |
_aEA _bOxford University Press _c1971 |
||
| 300 | _a100p | ||
| 942 |
_2ddc _cBK |
||
| 999 |
_c2696 _d2696 |
||